Geography Grab Bag Quiz Stats

 Plays Quiz Updated Mar 19, 2015

Score 0/39 Timer 06:00
0 Plays Today
Columns Answers % Correct
OceansPacific
98.9%
OceansAtlantic
98.8%
OceansIndian
97.3%
Nordic CountriesSweden
96.1%
Nordic CountriesNorway
96%
Nordic CountriesFinland
94.6%
Nordic CountriesDenmark
92.2%
United Kingdom's Constituent CountriesScotland
91.2%
United Kingdom's Constituent CountriesWales
90.4%
OceansArctic
89.6%
United Kingdom's Constituent CountriesEngland
89.3%
Boroughs of NYCManhattan
88.3%
Nordic CountriesIceland
88.2%
European Countries Under 1,000 sq. kmVatican City
86.4%
North American Great LakesMichigan
86%
Boroughs of NYCQueens
85.5%
United Kingdom's Constituent CountriesNorthern Ireland
84.9%
North American Great LakesErie
83.6%
North American Great LakesSuperior
83.3%
Boroughs of NYCThe Bronx
83.2%
Columns Answers % Correct
Boroughs of NYCBrooklyn
81.7%
European Countries Under 1,000 sq. kmMonaco
78.2%
OceansSouthern
77.4%
North American Great LakesHuron
74.9%
North American Great LakesOntario
74.9%
European Countries Under 1,000 sq. kmAndorra
74.6%
European Countries Under 1,000 sq. kmSan Marino
71.2%
European Countries Under 1,000 sq. kmLiechtenstein
69.7%
Boroughs of NYCStaten Island
66.7%
Capitals of South AfricaCape Town
66.5%
Capitals of South AfricaPretoria
60.2%
European Countries Under 1,000 sq. kmMalta
58.4%
Fertile Crescent RiversEuphrates
50.3%
Fertile Crescent RiversTigris
48.6%
Largest Japanese IslandsHonshu
46.5%
Largest Japanese IslandsHokkaido
35.5%
Capitals of South AfricaBloemfontein
26.1%
Largest Japanese IslandsKyushu
19.9%
Largest Japanese IslandsShikoku
14%

You're not logged in!

Compare scores with friends on all Sporcle quizzes.
OR
Log In

Show Comments

Extras

Top Quizzes Today


Score Distribution

Your Account Isn't Verified!

In order to create a playlist on Sporcle, you need to verify the email address you used during registration. Go to your Sporcle Settings to finish the process.

Report this User

Report this user for behavior that violates our Community Guidelines.

Details: